00369nam a2200121Ia 4500008004100000082002000041100001700061245002400078260003900102300001000141630001800151650007800169211109s9999||||xx |||||||||||||| ||und|| a894.8123bBAN-P aBanian, John 0aParadesimoshayathra bNATIONAL BOOKSTALLaKottayamc1978 a125p. xGeneral Stack aMalayalam LiteraturevMalayalam fictionxMalayalam NovelsFICTIONGeneralia